000 00686nam a22002297a 4500
001 28880
003 UA-OsUOA
005 20220713122139.0
007 ta
008 20050512b un ||||| |||| 00| 0 ukr d
040 _aUA-OsUOA
_brus
_cUA-OsUOA
_dUA-OsUOA
041 _arus
044 _aRU
080 _a94(47+57)
090 _a94(47+57)
_bО-95
245 _cпод ред. Б. Д. Грекова, Л. В. Черепнина, В. Т. Пашуто
_nч. ІІ
_bв 2-х ч.
_pПериод феодализма ІХ–ХV в. в.
_aОчерки истории СССР
260 _c1953
300 _a811 с.
_bІлюстрації
650 7 _2UDC
942 _cBK
_2udc
955 _a0
999 _c315253
_d315253